000 00448nam a2200145Ia 4500
008 090124s9999 xx 000 0 und d
082 _b204064
245 _a भूल जाओ पुराने सपने
250 _a1
260 _bनागार्जुन
_c1994
300 _a94
630 _a भूल जाओ पुराने सपने
730 _a भूल जाओ पुराने सपने
942 _cBOOK
999 _c185645
_d185645